| 000 | 01272 a2200205 4500 | ||
|---|---|---|---|
| 003 | Nust | ||
| 005 | 20221216122405.0 | ||
| 010 | _a 2004041074 | ||
| 020 | _a1580536778 (alk. paper) | ||
| 040 | _cNust | ||
| 082 | 0 | 0 | _a621.38245,OHR |
| 100 | 1 |
_aOhrtman, Frank. _9105064 |
|
| 245 | 1 | 0 |
_aVoice over 802.11 / _cFrank Ohrtman. |
| 260 |
_aBoston : _bArtech House, _cc2004. |
||
| 300 |
_axv, 258 p. : _bill. ; _c24 cm. |
||
| 440 | 0 |
_aArtech House telecommunications library _994181 |
|
| 505 | _aOverview of Vo802.11 (Page-1), 802.11:Alternative Access (Page-5), Voice over Internet Protocol (Page-25), Switching TDM and VolP Networks (Page-49), Objections to Vo802.11 (Page-77), Vo802.11: Range is a Matter of Engineering (Page-83), Security and Vo802.11 (Page-97), Objections Due to Interference and QoS on Vo802.11 Wireless Networks (Page-129), Engineering Vo802.11 Networks for Maximum QoS (Page-155), Scalability in Wireless VoIP Networks (Page-171), Vo802.11 Reliability (Page-183), Vo802.11 Features and Applications (Page-193), Regulatory Consideration for Vo802.11 Networks (Page-207), Economics of Vo802.11 Networks (Page-217), Conclusion: Vo802.11 is the Future of Voice Communications (Page-233). | ||
| 650 | 0 | _aTelecommunication engineering | |
| 942 |
_2ddc _cBK |
||
| 999 |
_c182915 _d182915 |
||